000 00800nam a22002297a 4500
999 _c5232
_d5232
003 AR-CdUCM
008 190312b ||||| |||| 00| 0 espa d
040 _aMUNICIPALIDAD PROVINCIAL DEL CUSCO
_cBIBLIOTECA MUNICIPAL DEL CUSCO
082 _a869.1 /
_bC25
100 _aCano, Lucia
_913851
245 _aMujer que rompe la Norma /
260 _aChihuahua :
_bTalleres Graficos de gobierno del estado,
_c2000.
300 _a103 paginas ;
_bIlustraciones, graficos, tablas,
_c21cm.
500 _aLibro de Cultura pedagogica
505 _aContenido: que mujer rompe las normas .. el germen de la diferencia -- consideraciones finales
650 _aNormas
_915859
650 _aDiferencias
_915860
650 _aLiteratura
_983
650 _aHistoria
_9136
942 _2ddc
_cLIBROS
945 _apjha